Carta de el-Rei D. Manuel ao Rei Catholico narrando-lhe as viagens portuguezas á India desde 1500 até 1505 (Record no. 158652)

MARC details
000 -LEADER
campo de control de longitud fija 00983nam a22001935i 4500
001 - NÚMERO DE CONTROL
campo de control 158652
003 - IDENTIFICADOR DE NÚMERO DE CONTROL
campo de control ES-MaACL
005 - FECHA Y HORA DE LA ÚLTIMA TRANSACCIÓN
campo de control 20230906211245.0
008 - DATOS DE LONGITUD FIJA--INFORMACIÓN GENERAL
campo de control de longitud fija 990316s1892 po |||| | por d
040 ## - FUENTE DE CATALOGACIÓN
Centro catalogador/agencia de origen CCPB | B
Lengua de catalogación spa
Centro/agencia transcriptor CCPB | B
100 0# - ENTRADA PRINCIPAL--NOMBRE DE PERSONA
Nombre de persona Manuel
Numeración
Títulos y otros términos asociados al nombre Rey de Portugal.
9 (RLIN) 129429
245 10 - MENCIÓN DEL TÍTULO
Título Carta de el-Rei D. Manuel ao Rei Catholico narrando-lhe as viagens portuguezas á India desde 1500 até 1505
Resto del título : reimpressa sobre o prototypo romano de 1505 /
Mención de responsabilidad, etc. vertida en lingagem e annotada por Prospero Peragallo; seguem em appendice a Relação analoga de Lunardo Cha Masser e dois documentos de Cantino e Pasqualigo.
260 ## - PUBLICACIÓN, DISTRIBUCIÓN, ETC.
Lugar de publicación, distribución, etc. Lisboa :
Nombre del editor, distribuidor, etc. [s.n.],
Fecha de publicación, distribución, etc. 1892 (
Fabricante Typographia da Academia Real das Sciencias)
300 ## - DESCRIPCIÓN FÍSICA
Extensión 104 p. ;
Dimensiones 30 cm.
651 #4 - PUNTO DE ACCESO ADICIONAL DE MATERIA--NOMBRE GEOGRÁFICO
Nombre geográfico India-
Subdivisión general Descubrimientos y exploraciones-
Subdivisión geográfica Portugal-
Subdivisión cronológica 1500-1505.
9 (RLIN) 137217
700 1# - ENTRADA AGREGADA--NOMBRE PERSONAL
Nombre de persona Peragallo, Prospero.
9 (RLIN) 130979
752 ## - ENTRADA AGREGADA--NOMBRE JERÁRQUICO DEL LUGAR
País o entidad superior Portugal -
Ciudad Lisboa
852 ## - LOCALIZACIÓN
Ubicación ES-MaACL
Número de control de estantería T-652-F-5
Nota libre -- Enc. hol. conservando la cub. original
Holdings
Estatus retirado Estado de pérdida Estado de daño No para préstamo Colección Biblioteca de origen Biblioteca actual Ubicación en estantería Fecha de adquisición Total de préstamos Signatura topográfica completa Código de barras Visto por última vez Precio de reemplazo Tipo de ítem Koha
        Colección de folletos Biblioteca del Ateneo de Madrid Biblioteca del Ateneo de Madrid Depósito folletos 17/01/2008   T-652-F-5 1166059 23/02/2023 23/02/2023 Folleto